Transformation of cities in Central and Eastern Europe : (Record no. 40385)
[ view plain ]
| 000 -LEADER | |
|---|---|
| fixed length control field | 00934cam a22002534a 4500 |
| 001 - CONTROL NUMBER | |
| control field | 13667866 |
| 005 - DATE AND TIME OF LATEST TRANSACTION | |
| control field | 20180116093016.0 |
| 008 - FIXED-LENGTH DATA ELEMENTS--GENERAL INFORMATION | |
| fixed length control field | 040727s2005 ja ab b 001 0 eng |
| 010 ## - LIBRARY OF CONGRESS CONTROL NUMBER | |
| LC control number | 2004017311 |
| 020 ## - INTERNATIONAL STANDARD BOOK NUMBER | |
| International Standard Book Number | 9280811053 (pbk.) |
| 040 ## - CATALOGING SOURCE | |
| Original cataloging agency | DLC |
| Transcribing agency | DLC |
| Modifying agency | DLC |
| 041 ## - LANGUAGE CODE | |
| Language code of text/sound track or separate title | eng |
| 042 ## - AUTHENTICATION CODE | |
| Authentication code | pcc |
| 043 ## - GEOGRAPHIC AREA CODE | |
| Geographic area code | ec----- |
| -- | ee----- |
| 080 ## - UNIVERSAL DECIMAL CLASSIFICATION NUMBER | |
| Universal Decimal Classification number | 307.760943 HAM |
| 082 00 - DEWEY DECIMAL CLASSIFICATION NUMBER | |
| Classification number | 307.760943 HAM |
| Edition number | 22 |
| 100 ## - Rafti | |
| Rafti | 21 |
| 101 ## - Shkurtesa | |
| Shkurtesa | POL |
| 245 00 - TITLE STATEMENT | |
| Title | Transformation of cities in Central and Eastern Europe : |
| Statement of responsibility, etc | edited by F.E. Ian Hamilton, Kaliopa Dimitrovska Andrews, and Nataša Pichler-Milanović. |
| 504 ## - BIBLIOGRAPHY, ETC. NOTE | |
| Bibliography, etc | Includes bibliographical references and index. |
| 906 ## - LOCAL DATA ELEMENT F, LDF (RLIN) | |
| a | 7 |
| b | cbc |
| c | orignew |
| d | 1 |
| e | ecip |
| f | 20 |
| g | y-gencatlg |
| 942 ## - ADDED ENTRY ELEMENTS (KOHA) | |
| Source of classification or shelving scheme | |
| Item type | Books |
| Withdrawn status | Lost status | Source of classification or shelving scheme | Damaged status | Not for loan | Collection code | Permanent location | Current location | Shelving location | Date acquired | Total Checkouts | Full call number | Barcode | Date last seen | Price effective from | Koha item type |
|---|---|---|---|---|---|---|---|---|---|---|---|---|---|---|---|
| Koleksioni i përgjithshem | UBT - Lipjan | UBT - Lipjan | Koleksioni i përgjithshem | 01/16/2018 | 307.760943 HAM | 002-2995696 | 01/16/2018 | 01/16/2018 | Books | ||||||
| Koleksioni i përgjithshem | UBT - Lipjan | UBT - Lipjan | Koleksioni i përgjithshem | 01/16/2018 | 307.760943 HAM | 002-2995691 | 01/16/2018 | 01/16/2018 | Books | ||||||
| Koleksioni i përgjithshem | UBT - Lipjan | UBT - Lipjan | Koleksioni i përgjithshem | 01/16/2018 | 307.760943 HAM | 002-2995695 | 01/16/2018 | 01/16/2018 | Books | ||||||
| Koleksioni i përgjithshem | UBT - Lipjan | UBT - Lipjan | Koleksioni i përgjithshem | 01/16/2018 | 307.760943 HAM | 002-2995690 | 01/16/2018 | 01/16/2018 | Books | ||||||
| Koleksioni i përgjithshem | UBT - Lipjan | UBT - Lipjan | Koleksioni i përgjithshem | 01/16/2018 | 307.760943 HAM | 002-2995705 | 01/16/2018 | 01/16/2018 | Books | ||||||
| Koleksioni i përgjithshem | UBT - Lipjan | UBT - Lipjan | Koleksioni i përgjithshem | 01/16/2018 | 307.760943 HAM | 002-2995701 | 01/16/2018 | 01/16/2018 | Books | ||||||
| Koleksioni i përgjithshem | UBT - Lipjan | UBT - Lipjan | Koleksioni i përgjithshem | 01/16/2018 | 307.760943 HAM | 002-2995707 | 01/16/2018 | 01/16/2018 | Books | ||||||
| Koleksioni i përgjithshem | UBT - Lipjan | UBT - Lipjan | Koleksioni i përgjithshem | 01/16/2018 | 307.760943 HAM | 002-2995708 | 01/16/2018 | 01/16/2018 | Books | ||||||
| Koleksioni i përgjithshem | UBT - Lipjan | UBT - Lipjan | Koleksioni i përgjithshem | 01/16/2018 | 307.760943 HAM | 002-2995703 | 01/16/2018 | 01/16/2018 | Books | ||||||
| Koleksioni i përgjithshem | UBT - Lipjan | UBT - Lipjan | Koleksioni i përgjithshem | 01/16/2018 | 307.760943 HAM | 002-2995697 | 01/16/2018 | 01/16/2018 | Books |